| 000 | 00618nam a2200205 4500 | ||
|---|---|---|---|
| 003 | OSt | ||
| 005 | 20240715083807.0 | ||
| 006 | a | ||
| 008 | 240715b |||||||| |||| 00| 0 eng d | ||
| 020 | _a9780071278588 | ||
| 040 |
_aDWCL-Main lib. _cOC |
||
| 082 | _aCirc. 647.94 An569t 2008 | ||
| 100 | _aAndrews, Sudhir | ||
| 245 | _aTextbook of front office management and operations / | ||
| 260 |
_aNew Delhi : _bTata McGraw-Hill Pub., Co., Ltd., _cc2008. |
||
| 300 |
_axxv, _b463 p. : ill. ; _c24 cm. |
||
| 650 | _a1. Hotel front desk personnel. | ||
| 650 | _a2. Hotel management. | ||
| 942 |
_2ddc _n0 _cBK-CIRC _kCirc. |
||
| 999 |
_c2213 _d2213 |
||